000 00465nam a2200157Ia 4500
008 210210b2003 xxu||||| |||| 00| 0 eng d
020 _a81 224 0296 8
082 _a543.0892 CHAA
100 _aCHAKRABARTY (D K).
245 _aAdsorption and catalysis by solids.
260 _aNew Delhi
_bNew Age International (P) Limited Publishers
_c2003
300 _aviii,196
650 _aAdsorption Catalysis Solids
690 _aAnalytical Chemistry
906 _a061610
999 _c108537
_d108537